Can You Name Every Barbie Movie? - Statistics

General Stats
  • This quiz has been taken 223 times
  • The average score is 18 of 44
Answer Stats
Year Answer % Correct
2001 Barbie in The Nutcracker
84%
2004 Barbie as The Princess and the Pauper
82%
2005 Barbie: Fairytopia
80%
2002 Barbie as Rapunzel
79%
2003 Barbie of Swan Lake
73%
2006 Barbie in the 12 Dancing Princesses
70%
2008 Barbie & The Diamond Castle
70%
2010 Barbie in a Mermaid Tale
66%
2012 Barbie: The Princess & the Popstar
66%
2006 Barbie: Fairytopia: Mermaidia
61%
2008 Barbie: Mariposa
61%
2011 Barbie: Princess Charm School
61%
2007 Barbie as The Island Princess
57%
2008 Barbie in A Christmas Carol
57%
2012 Barbie in A Mermaid Tale 2
57%
2010 Barbie: A Fashion Fairytale
54%
2009 Barbie and The Three Musketeers
52%
2012 Barbie in The Pink Shoes
52%
2011 Barbie: A Fairy Secret
48%
2014 Barbie and the Secret Door
47%
2014 Barbie: The Pearl Princess
45%
2005 Barbie and The Magic of Pegasus
41%
2007 Barbie: Fairytopia: Magic of the Rainbow
41%
2009 Barbie: Thumbelina
40%
2013 Barbie & Her Sisters in A Pony Tale
39%
2006 The Barbie Diaries
39%
2015 Barbie in Rock 'N Royals
37%
2011 Barbie: A Perfect Christmas
30%
2016 Barbie: Spy Squad
29%
2015 Barbie in Princess Power
25%
2013 Barbie: Mariposa & the Fairy Princess
25%
2017 Barbie: Video Game Hero
22%
2017 Barbie: Dolphin Magic
21%
2016 Barbie & Her Sisters in A Puppy Chase
20%
2015 Barbie & Her Sisters in The Great Puppy Adventure
19%
2016 Barbie: Star Light Adventure
19%
2021 Barbie: Big City Big Dreams
15%
2021 Barbie and Chelsea: The Lost Birthday
12%
2020 Barbie: Princess Adventure
12%
2024 Barbie and Stacie to the Resuce
7%
2022 Barbie: Epic Road Trip
7%
2022 Barbie: Mermaid Power
7%
2023 Barbie: Skipper and the Big Babysitting Adventure
6%
2025 Barbie & Teresa: Recipe for Friendship
6%
No matching quizzes found
Score Distribution
Percent of People with Each Score
Percentile by Number Answered
Your Score History
You have not taken this quiz